Jaki klub przegrał najwięcej finałów ligi mistrzów - Statystyki

Ogólne statystyki
  • Ten quiz został rozwiązany 36 razy
    11 od ostatniego zresetowania
  • Średni wynik to 17 z 36
Statystyki odpowiedzi
ile przegranych + kraj klub % Poprawnych
3 Hiszpania Real
100%
5 Niemcy Bayern
91%
7 Włochy Juventus
91%
5 Włochy Milan
91%
3 Hiszpania Barcelona
82%
5 Portugalia Benfica
82%
2 Włochy Inter
82%
4 Anglia Liverpool
82%
2 Anglia Manchester United
82%
1 Francja PSG
82%
2 Holandia Ajax
73%
1 Anglia Chelsea
73%
1 Anglia Manchester City
73%
1 Włochy Roma
73%
3 Hiszpania Atletico
64%
2 Niemcy Borussia
64%
1 Szkocja Celtic
55%
1 Francja Monaco
45%
1 Anglia Tottenham
45%
1 Francja Marsylia
36%
2 Hiszpania Valencia
36%
1 Anglia Arsenal
27%
1 Rumunia Bukareszt
18%
1 Szwecja Malmo
18%
1 Grecja Panathinaikos
18%
1 Serbia Partizan
18%
1 Włochy Sampdoria
18%
1 Belgia Club Brugge
9%
1 Włochy Fiorentina
9%
1 Niemcy Frankfurt
9%
1 Niemcy Hamburger
9%
1 Niemcy Leverkusen
9%
1 Niemcy Borussia Monchengladbach
0%
1 Anglia Leeds
0%
1 Francja Saint-Etienne
0%
2 Francja Stade Reims
0%
Nie znaleziono quizów pasujących do podanych kryteriów
Rozkład punktacji
Procent ludzi z każdym wynikiem
Percentyl według liczby udzielonych odpowiedzi
Twoja historia wyników
Nie rozwiązałeś tego quizu od ostatniego zresetowania